000 00797cab a22001935a 4500
001 L144490
008 080723s2008 xxko f 000 0 eng d
035 _a(Sirsi) u144490
041 0 _aeng
245 0 0 _aImproving energy efficiency in rental properties
260 _c2008
490 _aUK Landlord
_v(133) July-August 2008, 6-7(2)
520 _aLooks at ways that landlords can improve the rentability and value of their investments by improving energy efficiency measures and considers costs; specifications and legislation.
650 2 4 _aENERGY PERFORMANCE CERTIFICATES
650 2 4 _aBUILDING REGULATIONS 2006
651 4 _aEngland and Wales
_y1543-
690 _aCAREERS, EDUCATION AND TRAINING-RICS ACCREDITATION AND CERTIFICATION SCHEMES-ENERGY PERFORMANCE OF BUILDINGS
942 _n0
999 _c80488
_d80488